[Event "278th YMCA Autumn A"]
[Site "Warsaw"]
[Date "2023.09.22"]
[Round "1"]
[White "Kaniak, Monika"]
[Black "Kania, Tomasz"]
[Result "1-0"]
[WhiteElo "1796"]
[BlackElo "1703"]
[PlyCount "73"]
[EventDate "2023.09.22"]
[EventType "tourn"]
[EventRounds "1"]
[EventCountry "POL"]
[SourceDate "2023.09.29"]

1. d4 Nf6 2. Nf3 e6 3. c4 b6 4. Nc3 Bb7 5. Bg5 h6 6. Bh4 Bb4 7. e3 O-O 8. Bd3
d6 9. O-O Bxc3 10. bxc3 Nbd7 11. Nd2 c5 12. f4 d5 13. Rc1 Qc8 14. cxd5 exd5 15.
Nf3 Ne4 16. Bxe4 dxe4 17. Ne5 Nxe5 18. fxe5 Qe6 19. Rc2 Ba6 20. Rf4 cxd4 21.
cxd4 Rac8 22. Rcf2 Qc4 23. h3 Qc1 24. Qxc1 Rxc1+ 25. Kh2 g5 26. Rg4 Bc8 27.
Rxe4 gxh4 28. Rxh4 Rc6 29. Rhf4 b5 30. e4 Rc4 31. d5 Bb7 32. e6 Bxd5 33. Rg4+
Kh7 34. exd5 Rxg4 35. hxg4 Kg7 36. e7 Re8 37. d6 1-0

[Event "278th YMCA Autumn A"]
[Site "Warsaw"]
[Date "2023.10.04"]
[Round "1"]
[White "Kasperkiewicz, Pawel"]
[Black "Polak, Michal"]
[Result "1-0"]
[WhiteElo "1784"]
[BlackElo "1947"]
[PlyCount "91"]
[EventDate "2023.09.22"]
[EventType "tourn"]
[EventRounds "1"]
[EventCountry "POL"]
[SourceDate "2023.09.29"]

1. e4 e5 2. Nf3 Nc6 3. Bb5 a6 4. Ba4 Nf6 5. d3 b5 6. Bb3 Bc5 7. O-O d6 8. a4 b4
9. a5 h6 10. Nbd2 O-O 11. Nc4 Bg4 12. Ne3 Bxf3 13. Qxf3 Nd4 14. Qh3 Nxb3 15.
cxb3 Bxe3 16. Bxe3 Qd7 17. Qxd7 Nxd7 18. d4 exd4 19. Bxd4 Rfe8 20. f3 Ne5 21.
Rfd1 Nc6 22. Bf2 Re5 23. Rac1 Nxa5 24. Rxc7 Nxb3 25. Rxd6 Ra5 26. h3 Ra1+ 27.
Kh2 Rc1 28. Rb7 a5 29. Rdd7 Rf8 30. e5 Rc6 31. f4 g6 32. Kg3 Nc5 33. Bxc5 Rxc5
34. e6 Kg7 35. Rxf7+ Rxf7 36. Rxf7+ Kg8 37. Rf6 Kg7 38. Rf7+ Kg8 39. Ra7 Kf8
40. Kf3 b3 41. g4 Rc2 42. f5 gxf5 43. gxf5 Rxb2 44. f6 Kg8 45. Rg7+ Kh8 46. e7
1-0

[Event "278th YMCA Autumn A"]
[Site "Warsaw"]
[Date "2023.09.29"]
[Round "1"]
[White "Makowski, Tomasz"]
[Black "Adamski, Adam"]
[Result "1-0"]
[WhiteElo "1775"]
[BlackElo "1761"]
[PlyCount "45"]
[EventDate "2023.09.22"]
[EventType "tourn"]
[EventRounds "1"]
[EventCountry "POL"]
[SourceDate "2023.09.29"]

1. d4 Nf6 2. c4 g6 3. Nc3 d5 4. cxd5 Nxd5 5. g3 Bg7 6. Nf3 O-O 7. Bg2 c5 8. O-O
cxd4 9. Nxd4 Nxc3 10. bxc3 e5 11. Nb5 Nc6 12. Ba3 Re8 13. Qa4 Bf8 14. Rfd1 Qb6
15. Rab1 Rd8 16. Rxd8 Qxd8 17. Bxf8 Qxf8 18. Nc7 Bf5 19. Rxb7 Qh6 20. e3 Rd8
21. Nd5 g5 22. h3 Qd6 23. Qxc6 1-0

[Event "278th YMCA Autumn A"]
[Site "Warsaw"]
[Date "2023.09.22"]
[Round "1"]
[White "Basiaga, Sebastian"]
[Black "Mazurek, Jerzy"]
[Result "1-0"]
[WhiteElo "1856"]
[BlackElo "1746"]
[PlyCount "63"]
[EventDate "2023.09.22"]
[EventType "tourn"]
[EventRounds "1"]
[EventCountry "POL"]
[SourceDate "2023.09.29"]

1. e4 c5 2. b3 g6 3. Bb2 Nf6 4. Nc3 d6 5. Nd5 Bg7 6. Nxf6+ exf6 7. Bb5+ Nd7 8.
Nf3 O-O 9. O-O Nb6 10. Re1 a6 11. Bf1 d5 12. d3 Be6 13. c4 dxe4 14. dxe4 Nd7
15. Qc2 Qc7 16. g3 Rad8 17. Rad1 Nb8 18. Bg2 Nc6 19. h3 Rxd1 20. Rxd1 f5 21.
Bxg7 Kxg7 22. Qc3+ Kg8 23. exf5 Bxf5 24. Qf6 Rd8 25. Re1 Qd7 26. g4 Be6 27. Ng5
Nd4 28. Bxb7 Qxb7 29. Qxd8+ Kg7 30. Qd6 h6 31. Qxc5 Nxb3 32. Nxe6+ 1-0

[Event "278th YMCA Autumn A"]
[Site "Warsaw"]
[Date "2023.09.22"]
[Round "1"]
[White "Sternik, Piotr"]
[Black "Liberadzki, Slawomir"]
[Result "1-0"]
[WhiteElo "1829"]
[BlackElo "1958"]
[PlyCount "95"]
[EventDate "2023.09.22"]
[EventType "tourn"]
[EventRounds "1"]
[EventCountry "POL"]
[SourceDate "2023.09.29"]

1. d4 d5 2. c4 e6 3. Nf3 Be7 4. Nc3 Nf6 5. Bg5 h6 6. Bh4 O-O 7. e3 b6 8. cxd5
exd5 9. Bd3 Bb7 10. O-O Nbd7 11. Qc2 Rc8 12. Bg3 Bd6 13. Bxd6 cxd6 14. Qb3 Qe7
15. Rac1 Nb8 16. Bf5 Rc6 17. Qa3 Ba6 18. Rfe1 g6 19. Bh3 Bc8 20. Ne5 Rc7 21.
Bxc8 Rfxc8 22. Nd3 Qd7 23. Qb3 Qf5 24. Rcd1 Nc6 25. Qa3 Na5 26. Nb5 Nc4 27. Qa6
Nxb2 28. Nxb2 Rc2 29. Nd3 Ne4 30. Rf1 R8c6 31. Qxa7 Nd2 32. Rxd2 Rxd2 33. Nxd6
Rxd6 34. Qb8+ Kg7 35. Qxd6 Qxd3 36. h3 Qc4 37. Qxb6 Rxa2 38. Qd6 Rc2 39. Qe5+
Kg8 40. Rb1 Rc1+ 41. Rxc1 Qxc1+ 42. Kh2 Qc6 43. e4 dxe4 44. d5 Qd7 45. Qxe4
Qd6+ 46. f4 Kf8 47. Qe5 Qb4 48. d6 1-0

[Event "278th YMCA Autumn A"]
[Site "Warsaw"]
[Date "2023.09.22"]
[Round "1"]
[White "Choroszej, Aleksander"]
[Black "Pietrzak, Wojciech"]
[Result "1-0"]
[WhiteElo "1878"]
[BlackElo "1717"]
[PlyCount "53"]
[EventDate "2023.09.22"]
[EventType "tourn"]
[EventRounds "1"]
[EventCountry "POL"]
[SourceDate "2023.09.29"]

1. d4 d5 2. c4 c6 3. Nc3 Nf6 4. Nf3 a6 5. e3 b5 6. b3 Bg4 7. Be2 e6 8. O-O Bd6
9. Bb2 bxc4 10. bxc4 O-O 11. h3 Bh5 12. Qa4 Ne4 13. Qd1 f5 14. Nxe4 fxe4 15.
Nd2 Bxe2 16. Qxe2 Nd7 17. f3 exf3 18. Rxf3 Rxf3 19. Qxf3 Qg5 20. Rf1 Rf8 21.
Qe2 Qg3 22. Rxf8+ Kxf8 23. Nf1 Qg6 24. c5 Be7 25. Qxa6 e5 26. Qc8+ Qe8 27. Qxc6
1-0

[Event "278th YMCA Autumn A"]
[Site "Warsaw"]
[Date "2023.10.03"]
[Round "2"]
[White "Liberadzki, Slawomir"]
[Black "Choroszej, Aleksander"]
[Result "0-1"]
[WhiteElo "1958"]
[BlackElo "1878"]
[PlyCount "118"]
[EventDate "2023.09.22"]
[EventType "tourn"]
[EventRounds "1"]
[EventCountry "POL"]
[SourceDate "2023.09.29"]

1. c4 g6 2. g3 Bg7 3. Bg2 c5 4. Nc3 Nc6 5. e4 e5 6. Nge2 Nge7 7. O-O O-O 8. f4
d6 9. d3 Rb8 10. h3 a6 11. a4 Bd7 12. g4 exf4 13. Bxf4 Ne5 14. Bg5 h6 15. Bxe7
Qxe7 16. Nd5 Qd8 17. a5 Nc6 18. Qd2 Be6 19. Kh1 Qh4 20. Ng1 Bxd5 21. exd5 Nd4
22. Qf2 Qxf2 23. Rxf2 Rfe8 24. Be4 Be5 25. Ra2 Re7 26. Nf3 Nxf3 27. Rxf3 b6 28.
Rf2 bxa5 29. Rxa5 Rb6 30. b3 Ra7 31. Rfa2 Rxb3 32. Rxa6 Rb1+ 33. Kg2 Rxa6 34.
Rxa6 Rb2+ 35. Kg1 Kg7 36. Kf1 Kf6 37. Ra7 Bg3 38. Kg1 Rf2 39. Ra1 Ke5 40. Rf1
f5 41. gxf5 gxf5 42. Bf3 Rd2 43. Bh5 Rxd3 44. Bg6 Bf4 45. Re1+ Be3+ 46. Kg2 Rc3
47. Be8 f4 48. Kf3 Rxc4 49. Kg4 Rc3 50. Bf7 Rc1 51. Re2 Rg1+ 52. Kh5 Kf6 53.
Be6 c4 54. Bg4 c3 55. Kxh6 Ke5 56. Kg6 Kd4 57. Kf6 Kd3 58. Ra2 f3 59. Ke6 f2
0-1

[Event "278th YMCA Autumn A"]
[Site "Warsaw"]
[Date "2023.09.28"]
[Round "2"]
[White "Mazurek, Jerzy"]
[Black "Sternik, Piotr"]
[Result "0-1"]
[WhiteElo "1746"]
[BlackElo "1829"]
[PlyCount "66"]
[EventDate "2023.09.22"]
[EventType "tourn"]
[EventRounds "1"]
[EventCountry "POL"]
[SourceDate "2023.09.29"]

1. d4 d5 2. c4 e6 3. Nc3 Be7 4. cxd5 exd5 5. Bf4 c6 6. e3 Nf6 7. Bd3 Qb6 8. a3
Bg4 9. f3 Bh5 10. Nge2 Nbd7 11. O-O O-O 12. Kh1 Bg6 13. e4 dxe4 14. fxe4 Rfe8
15. Qc2 Rac8 16. Rad1 Bf8 17. e5 Bxd3 18. Rxd3 Nd5 19. Rh3 g6 20. Bg5 Bg7 21.
Ne4 Re6 22. Nf4 Nxf4 23. Rxf4 Rce8 24. Rf1 Qxd4 25. Nd6 Rf8 26. Nxb7 Qxe5 27.
Nd8 Qb5 28. Rhf3 Re2 29. Qxc6 Qxg5 30. Rxf7 Qxd8 31. Qc4 Rxf7 32. Qxf7+ Kh8 33.
Rd1 Qe8 0-1

[Event "278th YMCA Autumn A"]
[Site "Warsaw"]
[Date "2023.10.12"]
[Round "2"]
[White "Adamski, Adam"]
[Black "Basiaga, Sebastian"]
[Result "1/2-1/2"]
[WhiteElo "1761"]
[BlackElo "1856"]
[PlyCount "189"]
[EventDate "2023.09.22"]
[EventType "tourn"]
[EventRounds "1"]
[EventCountry "POL"]
[SourceDate "2023.09.29"]

1. e4 e5 2. Nf3 Nc6 3. c3 d5 4. Qa4 Qd6 5. d4 Bd7 6. Qb3 exd4 7. exd5 Na5 8.
Qd1 Qxd5 9. Qxd4 Qxd4 10. Nxd4 O-O-O 11. Be3 Nf6 12. Be2 Nd5 13. Nc2 Nc6 14.
O-O Re8 15. Bc4 Nxe3 16. Nxe3 Ne5 17. Be2 Bc5 18. Nd2 f5 19. Nec4 Ng4 20. Bxg4
fxg4 21. b4 Be7 22. Ne3 Bf6 23. Nd5 Bd8 24. Rfe1 c6 25. Ne3 Bf6 26. Rac1 Re6
27. Nb3 b6 28. Red1 Bg5 29. Rd3 Re7 30. Rcd1 Rhe8 31. g3 Bxe3 32. fxe3 Bf5 33.
Rd6 Kc7 34. Kf2 Be4 35. R6d2 Bd5 36. Re1 Rf7+ 37. Kg1 Rf3 38. Rd4 h5 39. c4 Bf7
40. Red1 Re7 41. e4 Re3 42. Rf1 Bg6 43. Nd2 Rc3 44. a4 Ra3 45. c5 Rxa4 46.
cxb6+ axb6 47. Rc1 Rd7 48. Rdc4 Rd6 49. e5 Re6 50. Re1 b5 51. Rf4 Ra3 52. Rd4
Bf5 53. Kf2 g6 54. Kg1 Re8 55. Kf2 Rd8 56. Rxd8 Kxd8 57. Rc1 Ra2 58. Ke1 Ke7
59. Rc3 Kd7 60. Ke2 Be4 61. Ke3 Bd5 62. Rd3 Ke6 63. Kf4 Ra1 64. Kg5 Rh1 65. Nb3
Bxb3 66. Rxb3 Rxh2 67. Kxg6 Kxe5 68. Rc3 Kd6 69. Rd3+ Kc7 70. Kg5 Rb2 71. Rd4
Rb3 72. Kh4 Re3 73. Rf4 Re5 74. Rd4 Kb6 75. Rf4 Kc7 76. Rf7+ Kd6 77. Rf6+ Kd5
78. Rxc6 Kd4 79. Rc3 Re1 80. Rc5 Rh1+ 81. Kg5 Ke3 82. Rxb5 Kf3 83. Rc5 Kxg3 84.
Rc3+ Kf2 85. Rc2+ Kf3 86. Rc3+ Kf2 87. Rc2+ Ke3 88. b5 g3 89. b6 Rb1 90. Kh4
$11 Rb3 91. b7 Rxb7 92. Kxg3 Rb4 93. Rc3+ Kd2 94. Rc5 h4+ 95. Kh3 1/2-1/2

[Event "278th YMCA Autumn A"]
[Site "Warsaw"]
[Date "2023.10.13"]
[Round "2"]
[White "Polak, Michal"]
[Black "Makowski, Tomasz"]
[Result "1-0"]
[WhiteElo "1947"]
[BlackElo "1775"]
[PlyCount "75"]
[EventDate "2023.09.22"]
[EventType "tourn"]
[EventRounds "1"]
[EventCountry "POL"]
[SourceDate "2023.09.29"]

1. e4 d5 2. exd5 Qxd5 3. Nf3 Nf6 4. d4 Bg4 5. Be2 e6 6. c4 Qd6 7. Nc3 c6 8. Bg5
Be7 9. O-O O-O 10. Qd2 Rd8 11. Rad1 Qc7 12. Qe3 Bxf3 13. Bxf3 h6 14. Bf4 Bd6
15. Bxd6 Rxd6 16. b4 a6 17. g4 Rd8 18. h4 Qe7 19. g5 hxg5 20. hxg5 Nh7 21. g6
fxg6 22. Rfe1 Nf6 23. Qxe6+ Qxe6 24. Rxe6 Kf7 25. Re3 Ra7 26. c5 b6 27. Red3
bxc5 28. dxc5 Rxd3 29. Rxd3 a5 30. b5 Rc7 31. b6 Rc8 32. Ne4 Nxe4 33. Bxe4 Na6
34. Rd7+ Kf8 35. Bxg6 Nxc5 36. Rf7+ Kg8 37. Rf5 Nb7 38. Bf7+ 1-0

[Event "278th YMCA Autumn A"]
[Site "Warsaw"]
[Date "2023.10.11"]
[Round "2"]
[White "Kania, Tomasz"]
[Black "Kasperkiewicz, Pawel"]
[Result "1-0"]
[WhiteElo "1703"]
[BlackElo "1784"]
[PlyCount "61"]
[EventDate "2023.09.22"]
[EventType "tourn"]
[EventRounds "1"]
[EventCountry "POL"]
[SourceDate "2023.09.29"]

1. e4 e6 2. d4 d5 3. Nd2 a6 4. g3 c5 5. exd5 Qxd5 6. Ngf3 cxd4 7. Bg2 Nc6 8.
O-O Qd8 9. Nb3 Nf6 10. Nfxd4 Nxd4 11. Nxd4 Be7 12. Re1 O-O 13. c3 Nd5 14. Qb3
Bf6 15. Nf3 Kh8 16. c4 Ne7 17. Be3 Nc6 18. Rad1 Qa5 19. Bb6 Qh5 20. Nd4 Nxd4
21. Bxd4 Bxd4 22. Rxd4 e5 23. Rd5 f6 24. Rd6 Qf7 25. Bd5 Qe7 26. Rb6 Ra7 27.
Qe3 Bh3 28. b4 Rd8 29. a3 a5 30. Rb5 axb4 31. Qxa7 1-0

[Event "278th YMCA Autumn A"]
[Site "Warsaw"]
[Date "2023.09.28"]
[Round "2"]
[White "Pettersson, Alexander"]
[Black "Kaniak, Monika"]
[Result "0-1"]
[WhiteElo "1820"]
[BlackElo "1796"]
[PlyCount "84"]
[EventDate "2023.09.22"]
[EventType "tourn"]
[EventRounds "1"]
[EventCountry "POL"]
[SourceDate "2023.09.29"]

1. d4 Nf6 2. Nf3 g6 3. Nc3 Bg7 4. e4 d6 5. Be3 O-O 6. Qd2 e5 7. O-O-O Qe7 8.
dxe5 dxe5 9. Nd5 Nxd5 10. Qxd5 Nd7 11. Be2 a5 12. h3 Re8 13. Bc4 h6 14. Ne1 Nf6
15. Qd3 c6 16. a3 b5 17. Ba2 Ba6 18. f3 b4 19. Qd6 bxa3 20. Qxa3 Qxa3 21. bxa3
Bf8 22. a4 Ba3+ 23. Kd2 c5 24. c4 Kg7 25. Nd3 Nd7 26. Rb1 f5 27. Kc2 Bb4 28.
Rhd1 Re7 29. Nxb4 axb4 30. exf5 gxf5 31. Bb3 Bb7 32. Rd6 f4 33. Rxd7 Rxd7 34.
Bxc5 e4 35. Bxb4 exf3 36. gxf3 Bxf3 37. Rg1+ Kf6 38. c5 Be4+ 39. Kc3 Rd3+ 40.
Kc4 Rxh3 41. Bc3+ Kf5 42. Rg7 Bd3+ $138 0-1

[Event "278th YMCA Autumn A"]
[Site "Warsaw"]
[Date "2023.10.05"]
[Round "3"]
[White "Kasperkiewicz, Pawel"]
[Black "Pettersson, Alexander"]
[Result "0-1"]
[WhiteElo "1784"]
[BlackElo "1820"]
[PlyCount "42"]
[EventDate "2023.09.22"]
[EventType "tourn"]
[EventRounds "1"]
[EventCountry "POL"]
[SourceDate "2023.09.29"]

1. e4 c6 2. d4 d5 3. exd5 cxd5 4. c4 Nf6 5. Nc3 e6 6. Nf3 Bb4 7. Bd3 O-O 8. O-O
dxc4 9. Bxc4 Nbd7 10. Qe2 Nb6 11. Bd3 Nbd5 12. Ne4 Bd7 13. Nxf6+ Nxf6 14. Bg5
Bc6 15. Rad1 Qd5 16. a3 Bd6 17. Rfe1 Rac8 18. h3 Bb8 19. Bc4 Qf5 20. Bd3 Bxf3
21. Bxf5 Bxe2 0-1

[Event "278th YMCA Autumn A"]
[Site "Warsaw"]
[Date "2023.10.06"]
[Round "3"]
[White "Makowski, Tomasz"]
[Black "Kania, Tomasz"]
[Result "1/2-1/2"]
[WhiteElo "1775"]
[BlackElo "1703"]
[PlyCount "42"]
[EventDate "2023.09.22"]
[EventType "tourn"]
[EventRounds "1"]
[EventCountry "POL"]
[SourceDate "2023.09.29"]

1. d4 Nf6 2. Nf3 e6 3. e3 b6 4. Bd3 Bb7 5. Nbd2 c5 6. c3 d5 7. O-O Bd6 8. Qe2
Nbd7 9. e4 dxe4 10. Nxe4 Nxe4 11. Bxe4 Bxe4 12. Qxe4 O-O 13. Rd1 Nf6 14. Qh4
Qc7 15. dxc5 bxc5 16. c4 Rfd8 17. Bg5 Be7 18. Qf4 Qb6 19. Qe5 h6 20. Bh4 Ng4
21. Qe2 Bxh4 $11 1/2-1/2

[Event "278th YMCA Autumn A"]
[Site "Warsaw"]
[Date "2023.10.06"]
[Round "3"]
[White "Basiaga, Sebastian"]
[Black "Polak, Michal"]
[Result "0-1"]
[WhiteElo "1856"]
[BlackElo "1947"]
[PlyCount "120"]
[EventDate "2023.09.22"]
[EventType "tourn"]
[EventRounds "1"]
[EventCountry "POL"]
[SourceDate "2023.09.29"]

1. e4 c5 2. b3 Nf6 3. e5 Nd5 4. Bb2 Nc6 5. Nf3 d6 6. exd6 Qxd6 7. Bb5 Bg4 8.
O-O O-O-O 9. Bxc6 Qxc6 10. Ne5 Bxd1 11. Nxc6 bxc6 12. Rxd1 f6 13. d3 e5 14. Nd2
Be7 15. Nc4 Nb6 16. Na5 Kc7 17. Kf1 h5 18. g3 g5 19. Re1 g4 20. Re4 Bd6 21. Kg2
Rh7 22. h4 f5 23. Ree1 Re8 24. Nc4 Nxc4 25. dxc4 Rhe7 26. Re2 e4 27. Bf6 Re6
28. Bg5 Be5 29. Rd1 Rd6 30. Red2 Rxd2 31. Rxd2 Bd6 32. a4 Rg8 33. Be3 Rg7 34.
Re2 Rd7 35. Rd2 Rf7 36. Bf4 Bxf4 37. gxf4 Rg7 38. c3 a5 39. Rb2 Rd7 40. b4 cxb4
41. cxb4 axb4 42. Rxb4 Rd2 43. Kg3 Ra2 44. c5 Rc2 45. a5 Rxc5 46. Ra4 Kb7 47.
a6+ Ka7 48. Kg2 Rc2 49. Kg3 Rc3+ 50. Kg2 Rf3 51. Rc4 Rxf4 52. Rxc6 Rf3 53. Rf6
f4 54. Rf5 Kxa6 55. Rxh5 g3 56. fxg3 Rxg3+ 57. Kf2 e3+ 58. Ke2 Rg2+ 59. Ke1 f3
60. Kf1 e2+ 0-1

[Event "278th YMCA Autumn A"]
[Site "Warsaw"]
[Date "2023.10.05"]
[Round "3"]
[White "Sternik, Piotr"]
[Black "Adamski, Adam"]
[Result "0-1"]
[WhiteElo "1829"]
[BlackElo "1761"]
[PlyCount "124"]
[EventDate "2023.09.22"]
[EventType "tourn"]
[EventRounds "1"]
[EventCountry "POL"]
[SourceDate "2023.09.29"]

1. d4 d6 2. c4 e5 3. e3 Nf6 4. Nf3 e4 5. Nfd2 c6 6. Nc3 d5 7. Qa4 Nbd7 8. cxd5
cxd5 9. Qb5 a6 10. Qb3 Nb6 11. a4 Qd6 12. a5 Nbd7 13. Qa4 Be7 14. b3 Qc7 15.
Ba3 Qd8 16. Bc5 O-O 17. b4 Nb8 18. Be2 Be6 19. Nb3 Nc6 20. O-O Nd7 21. Bxe7
Qxe7 22. Nc5 Nd8 23. Qb3 Qd6 24. N3a4 Rb8 25. Rfc1 f5 26. Nxd7 Bxd7 27. Nb6 Bc6
28. f4 Ne6 29. Rc2 g5 30. g3 gxf4 31. gxf4 Kh8 32. Rf1 Rg8+ 33. Kh1 Rg7 34. Qc3
Rbg8 35. Qe1 Be8 36. Nc8 Qd8 37. Nb6 Qf6 38. Nxd5 Qg6 39. Bc4 Bc6 40. Nb6 Be8
41. d5 Nf8 42. Qc3 Nd7 43. Nxd7 Bxd7 44. Rd2 h6 45. d6 Rc8 46. Qd4 Kh7 47. Ba2
Qg4 48. Rdf2 Rf8 49. Bc4 Rc8 50. Be2 Qh3 51. Qd1 Qxe3 52. Bh5 Rcg8 53. Be2 Qh3
54. Bc4 Rc8 55. Bd5 Rc3 56. Rg1 Rxg1+ 57. Qxg1 Rc8 58. Qf1 Qe3 59. Qe2 Rc1+ 60.
Kg2 Qd4 61. Qd2 Qg7+ 62. Kh3 Qg4# 0-1

[Event "278th YMCA Autumn A"]
[Site "Warsaw"]
[Date "2023.10.17"]
[Round "3"]
[White "Choroszej, Aleksander"]
[Black "Mazurek, Jerzy"]
[Result "1/2-1/2"]
[WhiteElo "1878"]
[BlackElo "1746"]
[PlyCount "84"]
[EventDate "2023.09.22"]
[EventType "tourn"]
[EventRounds "1"]
[EventCountry "POL"]
[SourceDate "2023.09.29"]

1. d4 d5 2. c4 e6 3. Nc3 Nf6 4. Nf3 a6 5. cxd5 exd5 6. Bg5 Be6 7. e3 Nbd7 8.
Bd3 Bd6 9. O-O c6 10. Qc2 Qc7 11. Bh4 Bg4 12. Bg3 Bxf3 13. gxf3 h5 14. e4 dxe4
15. fxe4 h4 16. Bxd6 Qxd6 17. Ne2 Ng4 18. e5 Ndxe5 19. dxe5 Qxe5 20. Ng3 Nxh2
21. Kxh2 hxg3+ 22. Kg1 O-O-O 23. Bf5+ Kb8 24. Rae1 Qd4 25. Qe4 gxf2+ 26. Rxf2
Qb6 27. Qe3 Qb4 28. Ree2 Rh4 29. a3 Rd1+ 30. Kg2 Qc4 31. Rd2 Rxd2 32. Rxd2 Rh8
33. Qe7 Qf4 34. Rd8+ Rxd8 35. Qxd8+ Ka7 36. Qd3 g6 37. Be4 f5 38. Bf3 g5 39. b4
g4 40. Be2 Ka8 41. Qd8+ Ka7 42. Qd3 Ka8 $11 1/2-1/2

[Event "278th YMCA Autumn A"]
[Site "Warsaw"]
[Date "2023.10.05"]
[Round "3"]
[White "Pietrzak, Wojciech"]
[Black "Liberadzki, Slawomir"]
[Result "1-0"]
[WhiteElo "1717"]
[BlackElo "1958"]
[PlyCount "81"]
[EventDate "2023.09.22"]
[EventType "tourn"]
[EventRounds "1"]
[EventCountry "POL"]
[SourceDate "2023.09.29"]

1. e4 c5 2. Nf3 e6 3. d4 cxd4 4. Nxd4 Nc6 5. Nc3 Qc7 6. g3 Nf6 7. Bg2 a6 8. O-O
Nxd4 9. Qxd4 Bc5 10. Qd3 h6 11. Bf4 d6 12. Rad1 e5 13. Be3 Be6 14. Bxc5 dxc5
15. Nd5 Bxd5 16. exd5 Qd6 17. c4 O-O 18. Rfe1 Rfe8 19. Re2 Re7 20. Rde1 Rae8
21. Be4 Kf8 22. f3 Nxe4 23. Qxe4 g6 24. Qe3 Kg7 25. Qc3 f6 26. Kg2 h5 27. Re4
Kf7 28. R4e2 f5 29. Qd3 b6 30. Qd2 Kg7 31. Qc3 Qf6 32. Qd2 e4 33. fxe4 Rxe4 34.
Rxe4 fxe4 35. Rf1 Qd4 36. Qf4 Qxb2+ 37. Rf2 Qe5 38. Qf7+ Kh6 39. Rf6 Qg5 40. h4
Qd2+ 41. Kh3 1-0

[Event "278th YMCA Autumn A"]
[Site "Warsaw"]
[Date "2023.10.13"]
[Round "4"]
[White "Mazurek, Jerzy"]
[Black "Pietrzak, Wojciech"]
[Result "1/2-1/2"]
[WhiteElo "1746"]
[BlackElo "1717"]
[PlyCount "57"]
[EventDate "2023.09.22"]
[EventType "tourn"]
[EventRounds "1"]
[EventCountry "POL"]
[SourceDate "2023.09.29"]

1. e4 e5 2. Nf3 Nc6 3. Bb5 a6 4. Ba4 Nf6 5. O-O b5 6. Bb3 Bc5 7. a4 Bb7 8. c3
O-O 9. d4 Bb6 10. Bg5 h6 11. Bxf6 Qxf6 12. Bd5 exd4 13. cxd4 Rab8 14. e5 Qf4
15. axb5 axb5 16. Bxc6 dxc6 17. Qd2 Qxd2 18. Nbxd2 c5 19. dxc5 Bxc5 20. Rfc1
Bb6 21. Nb3 Bxf3 22. gxf3 Rfe8 23. Nc5 Rxe5 24. Nd7 Rg5+ 25. Kf1 Re8 26. Nxb6
cxb6 27. Rc6 Rg6 28. Rxg6 fxg6 29. Rd1 $11 1/2-1/2

[Event "278th YMCA Autumn A"]
[Site "Warsaw"]
[Date "2023.10.19"]
[Round "4"]
[White "Adamski, Adam"]
[Black "Choroszej, Aleksander"]
[Result "1/2-1/2"]
[WhiteElo "1761"]
[BlackElo "1878"]
[PlyCount "39"]
[EventDate "2023.09.22"]
[EventType "tourn"]
[EventRounds "1"]
[EventCountry "POL"]
[SourceDate "2023.09.29"]

1. e4 g6 2. d4 Bg7 3. Nc3 d6 4. f4 Nf6 5. Nf3 O-O 6. Be3 b6 7. Qd2 Bb7 8. e5
Ng4 9. O-O-O dxe5 10. Nxe5 Nxe3 11. Qxe3 e6 12. h4 h5 13. Bd3 Nd7 14. Be4 Bxe4
15. Nxe4 Nxe5 16. dxe5 Qe7 17. Qc3 Rfd8 18. Qc6 Rxd1+ 19. Rxd1 Rd8 20. Rxd8+
$11 1/2-1/2

[Event "278th YMCA Autumn A"]
[Site "Warsaw"]
[Date "2023.10.12"]
[Round "4"]
[White "Polak, Michal"]
[Black "Sternik, Piotr"]
[Result "1/2-1/2"]
[WhiteElo "1947"]
[BlackElo "1829"]
[PlyCount "56"]
[EventDate "2023.09.22"]
[EventType "tourn"]
[EventRounds "1"]
[EventCountry "POL"]
[SourceDate "2023.09.29"]

1. d4 Nf6 2. Nf3 d5 3. g3 c6 4. Bg2 e6 5. O-O Bd6 6. c4 Nbd7 7. Qc2 O-O 8. Nbd2
Re8 9. b3 e5 10. cxd5 cxd5 11. dxe5 Nxe5 12. Bb2 Bd7 13. Nxe5 Bxe5 14. Bxe5
Rxe5 15. Nf3 Bf5 16. Qb2 Re8 17. Nd4 Be4 18. f3 Bg6 19. Bh3 Qb6 20. Kh1 Rad8
21. Rac1 Nd7 22. Qc3 Ne5 23. Rfd1 Nc6 24. Nxc6 bxc6 25. Qxc6 Qxc6 26. Rxc6 Rxe2
27. Rxd5 Rde8 28. Rc8 Re1+ $11 1/2-1/2

[Event "278th YMCA Autumn A"]
[Site "Warsaw"]
[Date "2023.10.13"]
[Round "4"]
[White "Kania, Tomasz"]
[Black "Basiaga, Sebastian"]
[Result "0-1"]
[WhiteElo "1703"]
[BlackElo "1856"]
[PlyCount "122"]
[EventDate "2023.09.22"]
[EventType "tourn"]
[EventRounds "1"]
[EventCountry "POL"]
[SourceDate "2023.09.29"]

1. e4 e5 2. Nf3 Nc6 3. Bb5 a6 4. Ba4 Nf6 5. O-O b5 6. Bb3 Bc5 7. a4 b4 8. a5 d6
9. d3 O-O 10. Bg5 Be6 11. Nbd2 h6 12. Bh4 g5 13. Bg3 Ba7 14. c3 Rb8 15. Bc4
Bxc4 16. Nxc4 bxc3 17. bxc3 Qd7 18. Re1 Rfe8 19. h3 Kg7 20. Qd2 Nh5 21. Bh2 Qe6
22. Ne3 Bxe3 23. fxe3 Rb3 24. c4 Reb8 25. Rec1 g4 26. Nh4 gxh3 27. Nf5+ Kh7 28.
gxh3 Ne7 29. Nxe7 Qxe7 30. Qf2 Rg8+ 31. Kh1 Rg6 32. Rd1 Kg7 33. Qf5 Rg5 34. Rg1
Qf6 35. d4 Qxf5 36. exf5 Rxe3 37. dxe5 dxe5 38. Rxg5+ hxg5 39. Rd1 Ng3+ 40. Kg2
Nxf5 41. Rd7 Kg6 42. c5 f6 43. Rxc7 Nh4+ 44. Kf1 Rxh3 45. Bg1 Ra3 46. c6 Nf3
47. Ra7 Nxg1 48. Kxg1 Rxa5 49. Kf2 Rc5 50. Rxa6 g4 51. Kg3 Kg5 52. Kf2 f5 53.
Ke3 g3 54. Kf3 Rc3+ 55. Kg2 Kg4 56. c7 Rc2+ 57. Kg1 Rxc7 58. Ra4+ f4 59. Kg2
Rc2+ 60. Kg1 Kh3 61. Ra1 f3 0-1

[Event "278th YMCA Autumn A"]
[Site "Warsaw"]
[Date "2023.10.18"]
[Round "4"]
[White "Pettersson, Alexander"]
[Black "Makowski, Tomasz"]
[Result "1/2-1/2"]
[WhiteElo "1820"]
[BlackElo "1775"]
[PlyCount "107"]
[EventDate "2023.09.22"]
[EventType "tourn"]
[EventRounds "1"]
[EventCountry "POL"]
[SourceDate "2023.09.29"]

1. d4 Nf6 2. c4 c5 3. d5 b5 4. Nf3 b4 5. Nbd2 g6 6. e4 d6 7. Bd3 Bg7 8. O-O O-O
9. Re1 Nbd7 10. Nf1 a5 11. h3 e6 12. Bg5 h6 13. dxe6 hxg5 14. exd7 Nxd7 15. Qd2
Ne5 16. Nxe5 Bxe5 17. Ne3 Kg7 18. Be2 f5 19. Bf3 Ra7 20. exf5 gxf5 21. Bd5 $11
Qf6 22. Rab1 Re7 23. Nf1 Rh8 24. Re2 g4 25. hxg4 f4 26. Rxe5 dxe5 27. f3 Be6
28. b3 Rd7 29. Rd1 Rhd8 30. Qe2 Bxd5 31. cxd5 Rxd5 32. Rxd5 Rxd5 33. Nd2 Qd8
34. Nf1 Qd6 35. Qc2 Rd1 36. Qe2 Qd4+ 37. Kh2 Qa1 38. Kg1 Re1 39. Qb5 Qd4+ 40.
Kh2 Rd1 41. Qb7+ Kf6 42. g5+ Kg6 43. Qe7 Qd6 44. Qe8+ Kxg5 45. Kg1 Qd4+ 46. Kh2
e4 47. fxe4 Rxf1 48. Qg8+ Kh6 49. Qe6+ Kg7 50. Qe7+ Kg6 51. Qe8+ Kf6 52. Qf8+
Ke6 53. Qe8+ Kf6 54. Qf8+ 1/2-1/2

[Event "278th YMCA Autumn A"]
[Site "Warsaw"]
[Date "2023.10.12"]
[Round "4"]
[White "Kaniak, Monika"]
[Black "Kasperkiewicz, Pawel"]
[Result "0-1"]
[WhiteElo "1796"]
[BlackElo "1784"]
[PlyCount "82"]
[EventDate "2023.09.22"]
[EventType "tourn"]
[EventRounds "1"]
[EventCountry "POL"]
[SourceDate "2023.09.29"]

1. d4 e6 2. c4 b6 3. Nc3 Bb7 4. a3 Nf6 5. Bg5 Be7 6. Nf3 Ne4 7. Bxe7 Qxe7 8.
Qc2 f5 9. e3 O-O 10. Bd3 Nxc3 11. bxc3 d6 12. e4 e5 13. d5 f4 14. O-O Nd7 15.
Qe2 Nc5 16. Nd2 Kh8 17. f3 Bc8 18. Bc2 Bd7 19. Nb3 Nxb3 20. Bxb3 g5 21. g4 Rf7
22. Rf2 h5 23. h3 Rh7 24. Rh2 Rg8 25. Ra2 Rg6 26. Qd1 Rgh6 27. Rag2 Qd8 28. Ba4
Bc8 29. Qb1 a6 30. Qb2 Kg7 31. Bd1 Kf6 32. a4 a5 33. Qf2 Ba6 34. h4 hxg4 35.
hxg5+ Kxg5 36. Rxg4+ Kf6 37. Rxh6+ Rxh6 38. Qg2 Qh8 39. Rg8 Rh1+ 40. Kf2 Qh4+
41. Ke2 Bxc4+ 0-1